000 00581nam a22002057i 4500
001 3358
003 OSt
005 20170126082317.0
007 tu
008 161220s1996 xxu||||| |||| 00| 0 d
024 7 _a3357
_2RID
040 _cOSt
084 _a2.347
_a11.354
_a11.353
_a11.66
_2z
100 1 _aMichaelowa, Katharina
245 0 0 _aWho Determines the Amount of Tied Aid: A Public-Choice Approach
260 _aHamburg :
_bHWWA-Institut für Wirtschaftsforschung,Hamburg,
_c1996.
300 _a26 S. ;
_c30cm.
490 _aHWWA-Diskussionspapier
_v40
651 _aDeveloping countries
942 _cB
999 _c3308
_d3308